• 首页
  • 本馆介绍
  • 公告通知
  • 最新文献
  • 馆藏检索
  • 电子资源
  • 读者导购
  • 参考咨询
  • 我的图书馆
  • 登录
  • 期刊详细显示
  • 现刊情况显示
  • 合订本情况显示
  • 篇目信息显示

期刊信息

  • 表格格式
  • 工作单格式
  • 卡片格式
索取号 
D971/UBC
题名 
Uniform Building Code
作者 
International Conference of Building Officials
分册号 
分册名 
出版地 
WHITTIER,CALIf.
出版者 
International Conference of Building Officials
标准刊号 
0896-9655
出版频率 
月刊
中图法分类 
D971
主题词 
法律
电子资源 
000 00654nas0 2200217 45
001 0752219000
005 20131118104924.03
011    @a0896-9655
100    @a20070524d km y0chiy0120 ea
101 0  @aeng
200 1  @aUniform Building Code@iVOL.3@fInternational Conference of Building Officials
207    @aed.1994;
210    @aWHITTIER,CALIf.@cInternational Conference of Building Officials
300    @amaterial, testing and installation standards
326    @a月刊
517 1  @aVOL.3
606 0  @a法律
690    @aD971@v4
701  0 @aInternational Conference of Building Officials
801  0 @aCN@bPFT@c20070524
905    @aTJWY@dD971@eUBC
    
    Uniform Building Code.VOL.3/International Conference of Building Officials.-ed.1994;.-WHITTIER,CALIf.:International Conference of Building Officials
    
    material, testing and installation standards
    
    ISSN 0896-9655
    
●
相关链接: 在易读查询期刊 在中国知网中查询期刊 在万方数据查询期刊 在维普查询期刊
唐山师范学院图书馆 欢迎您!
大连网信软件有限公司© 版权所有